000 00477pab a2200169 454500
008 180718b2015 xxu||||| |||| 00| 0 eng d
100 _aSquicciarini, Mara P.
245 _aHuman capital and industrialization: evidence from the age of enlightenment
260 _c2015
300 _ap.1825-1883.
362 _aNov
650 _aIndustrialization
650 _aHuman capital
700 _aVoigtlander, Nico
773 _aQuarterly Journal of Economics
909 _a110887
999 _c110882
_d110882